000 00618nam a22002297a 4500
001 86507
003 UA-OsUOA
005 20211024113424.0
007 ta
008 20120904b un ||||| |||| 00| 0 ukr d
040 _aUA-OsUOA
_brus
_cUA-OsUOA
_dUA-OsUOA
041 _arus
080 _a94(47+57)
090 _a94(47+57)
_bР32
245 _aРеволюция 1905-1907 гг.
_cпод ред. Ушакова А. В.
246 3 1 _aДокументы и материалы
260 _aМ.
_bПолитиздат
_c1975
300 _a405 с.
650 7 _a94 Історія
_2UDC
942 _cBK
_2udc
955 _a1
999 _c372575
_d372575